[Event "33rd Rilton Cup"]
[Site "Stockholm SWE"]
[Date "2003.12.28"]
[Round "2"]
[White "Carstensen,J"]
[Black "Berg,E"]
[Result "0-1"]
[WhiteElo "2280"]
[BlackElo "2489"]
[EventDate "2003.12.27"]

1. d4 Nf6 2. c4 c5 3. d5 b5 4. cxb5 a6 5. b6 d6 6. Nc3 Qxb6 7. e4 g6 8. Be2
Bg7 9. Nf3 O-O 10. O-O a5 11. Nd2 Ba6 12. Re1 Nbd7 13. f4 c4+ 14. Kh1 Rfc8
15. h3 Rab8 16. Qc2 e6 17. Rb1 exd5 18. exd5 Re8 19. Rf1 Rbc8 20. Nde4 Nxe4
21. Nxe4 Nc5 22. Nxc5 Rxc5 23. Rd1 Bc8 24. Bg4 Bxg4 25. hxg4 Qb5 26. Bd2
Rxd5 27. b3 Rh5+ 28. gxh5 Qxh5+ 29. Kg1 Bd4+ 30. Kf1 Qe2+ 0-1

[Event "33rd Rilton Cup"]
[Site "Stockholm SWE"]
[Date "2003.12.28"]
[Round "2"]
[White "Gagarin,V"]
[Black "Nygren,D"]
[Result "1-0"]
[WhiteElo "2439"]
[BlackElo "2206"]
[EventDate "2003.12.27"]

1. d4 Nf6 2. c4 c5 3. d5 e6 4. Nf3 exd5 5. cxd5 d6 6. Nc3 g6 7. h3 a6 8. a4
Qe7 9. Bg5 Bg7 10. e3 Nbd7 11. Be2 O-O 12. O-O h6 13. Bh4 Ne5 14. Nd2 g5
15. Bg3 Ne8 16. Qc2 Nc7 17. f4 Ng6 18. Nc4 Bxc3 19. bxc3 gxf4 20. exf4 f5
21. Rfe1 Qf6 22. Nb6 Rb8 23. Bd3 h5 24. Re3 h4 25. Bh2 Kh8 26. Rae1 Qf7 27.
Qe2 Kg7 28. Qh5 Nxd5 29. Bc4 Nf6 30. Qg5 d5 31. Re7 dxc4 32. Rxf7+ Rxf7 33.
Nxc4 Nh7 34. Qd8 Rd7 35. Qb6 Ra8 36. Qxc5 Nf6 37. Nb6 Ne4 38. Qxf5 1-0

[Event "33rd Rilton Cup"]
[Site "Stockholm SWE"]
[Date "2003.12.28"]
[Round "2"]
[White "Cramling,P"]
[Black "Jounousov,Mu"]
[Result "1-0"]
[WhiteElo "2470"]
[BlackElo "2209"]
[EventDate "2003.12.27"]

1. d4 g6 2. e4 Bg7 3. c4 Nc6 4. Nf3 d6 5. d5 Nb8 6. Be2 e5 7. h3 Ne7 8. g4
Na6 9. Nc3 O-O 10. Rg1 c6 11. Be3 f5 12. gxf5 gxf5 13. Bg5 fxe4 14. Nxe4
Bf5 15. Nfd2 Kh8 16. Bg4 cxd5 17. Bxf5 Rxf5 18. Qg4 Rf8 19. Bh4 Rf7 20. Ng5
Rf4 21. Qxf4 exf4 22. Nf7+ Kg8 23. Nxd8 Rxd8 24. Bf6 Kf7 25. Bxg7 Rg8 26.
Ke2 Rxg7 27. Rxg7+ Kxg7 28. cxd5 Nb4 29. a3 Nbxd5 30. Ne4 Kg6 31. Rd1 b6
32. Nxd6 Nf6 33. Kf3 Ned5 34. Rg1+ Kh5 35. Ne4 Kh4 36. Nxf6 Nxf6 37. Kxf4
Kxh3 38. Rh1+ Kg2 39. Rh6 1-0

[Event "33rd Rilton Cup"]
[Site "Stockholm SWE"]
[Date "2003.12.28"]
[Round "2"]
[White "Brynell,S"]
[Black "Livner,A"]
[Result "1/2-1/2"]
[WhiteElo "2462"]
[BlackElo "2242"]
[EventDate "2003.12.27"]

1. d4 d5 2. c4 dxc4 3. Nf3 Nf6 4. e3 e6 5. Bxc4 c5 6. O-O a6 7. a4 Nc6 8.
Nc3 Be7 9. Qe2 cxd4 10. Rd1 O-O 11. exd4 Nb4 12. Bg5 Bd7 13. Ne5 Bc6 14.
Nxc6 bxc6 15. a5 Nfd5 16. Bxe7 Qxe7 17. Na4 Nc7 18. Rac1 Rfd8 19. Nc5 Nb5
20. Qe1 Nd5 21. Bf1 Nf6 22. Nb3 Rd6 23. Rc4 Rad8 24. Rdc1 Qd7 25. g3 h6 26.
Bg2 Nxd4 27. Nxd4 Rxd4 28. Bxc6 Qa7 29. Rxd4 Qxd4 30. Qe2 Rb8 31. Rc2 Nd5
32. Kg2 Nb4 33. Rc4 Qd8 34. Qe5 Nxc6 35. Rxc6 1/2-1/2

[Event "33rd Rilton Cup"]
[Site "Stockholm SWE"]
[Date "2003.12.28"]
[Round "2"]
[White "Carlsson,N"]
[Black "Bezold,M"]
[Result "1/2-1/2"]
[WhiteElo "2233"]
[BlackElo "2456"]
[EventDate "2003.12.27"]

1. e4 c5 2. Nf3 e6 3. d3 Nc6 4. Nbd2 g6 5. Be2 Bg7 6. O-O Nge7 7. c3 d5 8.
Re1 O-O 9. a4 b6 10. Qc2 Bb7 11. Nf1 h6 12. Bd2 f5 13. exf5 exf5 14. d4 c4
15. h4 f4 16. g3 fxg3 17. fxg3 Bc8 18. Bf4 Na5 19. N1d2 Bf5 20. Qd1 Nec6
21. Bf1 Qd7 22. Qe2 Rf7 23. Qg2 Raf8 24. Qh1 Bg4 25. Bg2 Rxf4 26. gxf4 Rxf4
27. Qh2 Rf8 28. Qg3 Kh7 29. Kh2 Nb7 30. Bh3 Bxh3 31. Qxh3 Rf5 32. Rg1 Nbd8
33. Rae1 Ne6 34. Rg4 Nf4 35. Qg3 Qf7 36. Re3 a6 37. Kh1 b5 38. axb5 axb5
39. Ne1 Nd8 40. Rf3 Nde6 41. Ng2 Nd3 42. Rxd3 cxd3 43. Qxd3 h5 44. Rg3 Rf2
45. b3 b4 46. Nf3 bxc3 47. Qxc3 Rf1+ 48. Kh2 Qf5 49. Qe3 Bh6 50. Qe2 Rc1
51. Qe5 Qe4 52. Qf6 Qb1 53. Nfe1 Qe4 54. Nd3 Rc7 55. Ne5 Qf5 56. Rxg6 Qxf6
57. Rxf6 Nxd4 58. Rd6 Rc2 59. Rd7+ Kg8 60. Ng6 Nf3+ 61. Kg3 Rc3 62. Ne7+
Kf8 63. Nxd5 Rxb3 64. Rd8+ Kf7 65. Ngf4 Nd4+ 66. Kg2 Rb2+ 67. Kf1 Bxf4 68.
Nxf4 Ne6 69. Nxe6 1/2-1/2

[Event "33rd Rilton Cup"]
[Site "Stockholm SWE"]
[Date "2003.12.29"]
[Round "3"]
[White "Hansen,TR"]
[Black "Lobron,E"]
[Result "1/2-1/2"]
[WhiteElo "2335"]
[BlackElo "2497"]
[EventDate "2003.12.27"]

1. e4 c5 2. Nf3 e6 3. d4 cxd4 4. Bg5 Nf6 5. e5 h6 6. Bc1 Nd5 7. Qxd4 Nc6 8.
Qe4 d6 9. Be2 Bd7 10. O-O dxe5 11. Nxe5 Nf6 12. Qe3 Nd5 13. Qe4 Nf6 14. Qe3
Nxe5 15. Qxe5 Bc6 16. Rd1 Nd7 17. Qg3 Qf6 18. Nc3 a6 19. Qc7 Qd8 20. Qg3
Qf6 21. Qc7 1/2-1/2

[Event "33rd Rilton Cup"]
[Site "Stockholm SWE"]
[Date "2003.12.29"]
[Round "3"]
[White "Penttila,T"]
[Black "Soderberg,P"]
[Result "0-1"]
[WhiteElo "1978"]
[BlackElo "2254"]
[EventDate "2003.12.27"]

1. e4 c5 2. Nf3 d6 3. d4 cxd4 4. Nxd4 Nf6 5. Nc3 a6 6. Be3 e5 7. Nb3 Be6 8.
f3 Be7 9. g4 b5 10. g5 Nh5 11. Qd2 Nd7 12. O-O-O O-O 13. Nd5 Bxd5 14. exd5
Qc7 15. Bd3 g6 16. Kb1 Nb6 17. Be2 Rfc8 18. Rc1 Rab8 19. c4 Nxc4 20. Na5
Nxd2+ 0-1

[Event "33rd Rilton Cup"]
[Site "Stockholm SWE"]
[Date "2003.12.29"]
[Round "3"]
[White "Berkes,F"]
[Black "Elfstroem,J"]
[Result "1-0"]
[WhiteElo "2616"]
[BlackElo "2118"]
[EventDate "2003.12.27"]

1. e4 c5 2. Nf3 Nc6 3. d4 cxd4 4. Nxd4 g6 5. c4 Bg7 6. Be3 Nf6 7. Nc3 O-O
8. Be2 d6 9. Qd2 Bd7 10. O-O Nxd4 11. Bxd4 Bc6 12. f3 Nd7 13. Be3 a5 14. b3
Nc5 15. Rab1 f5 16. exf5 gxf5 17. Nd5 Bxd5 18. Qxd5+ Kh8 19. Rbd1 b6 20. f4
Qc7 21. Bf3 Rad8 22. Rfe1 e5 23. Qc6 Qb8 24. Rd5 Rf7 25. Red1 e4 26. Bh5
Rf6 27. a3 Rc8 28. Qb5 Nd3 29. Be2 Nc5 30. b4 axb4 31. axb4 Nb7 32. Rxf5
Qa8 33. Rxf6 Bxf6 34. Qf5 Rf8 35. Qxe4 Qa2 36. Bd3 Rf7 37. Bd4 Bxd4+ 38.
Qxd4+ Kg8 39. Be4 Rg7 40. Bd5+ 1-0

[Event "33rd Rilton Cup"]
[Site "Stockholm SWE"]
[Date "2003.12.29"]
[Round "3"]
[White "Poley,V"]
[Black "Andersson,Bj2"]
[Result "1/2-1/2"]
[WhiteElo "2425"]
[BlackElo "2212"]
[EventDate "2003.12.27"]

1. Nf3 c5 2. g3 Nc6 3. Bg2 d6 4. c4 Bd7 5. Nc3 Nf6 6. a3 Qc8 7. Nd5 e6 8.
Nxf6+ gxf6 9. d3 Ne5 10. O-O Bc6 11. e4 Bg7 12. Ne1 f5 13. exf5 exf5 14.
Nf3 O-O 15. Ra2 Re8 16. b4 a6 17. Bf4 b5 18. bxc5 dxc5 19. Bxe5 Bxe5 20.
Nxe5 Rxe5 21. Qh5 Bxg2 22. Qg5+ Kf8 23. Qf6 Re6 24. Qh8+ Ke7 25. Qxc8 Rxc8
26. Kxg2 Rd8 27. Rc1 Kd6 28. Rb2 Kc6 29. Rc3 Rd4 30. h4 h5 31. cxb5+ axb5
32. Rb4 Red6 33. Rxd4 Rxd4 34. Kf3 Ra4 35. Ke3 Kd5 36. Rb3 Kc6 37. Rc3 Kd5
38. Rb3 Kc6 39. Rc3 Kd5 1/2-1/2

[Event "33rd Rilton Cup"]
[Site "Stockholm SWE"]
[Date "2003.12.29"]
[Round "3"]
[White "Miskulin,D"]
[Black "Bellon Lopez,JuM"]
[Result "1/2-1/2"]
[WhiteElo "2180"]
[BlackElo "2425"]
[EventDate "2003.12.27"]

1. e4 c5 2. Nf3 Nc6 3. d4 cxd4 4. Nxd4 Qb6 5. Nb3 Nf6 6. Nc3 e6 7. Be3 Qc7
8. Bd3 Bb4 9. O-O Bxc3 10. bxc3 d6 11. f4 e5 12. h3 O-O 13. Qe1 exf4 14.
Bxf4 Be6 15. Nd4 Ne5 16. Bd2 Nfd7 17. Qg3 Nc5 18. a4 a6 19. a5 Rae8 20. Nf5
f6 21. Kh1 Bxf5 22. Rxf5 Nexd3 23. cxd3 Nb3 24. Rd1 Nxd2 25. Rxd2 Qxc3 26.
Rdf2 Re5 27. Rxf6 Qe1+ 28. Rf1 Qxf1+ 29. Rxf1 Rxf1+ 30. Kh2 h6 31. d4 Rxe4
32. Qxd6 Re2 33. Qb8+ Rf8 34. Qxb7 Rff2 35. h4 g6 36. Qxa6 Rxg2+ 37. Kh3
Rh2+ 38. Kg3 Rhg2+ 39. Kh3 Rh2+ 40. Kg3 Rhg2+ 41. Kh3 1/2-1/2

[Event "33rd Rilton Cup"]
[Site "Stockholm SWE"]
[Date "2003.12.29"]
[Round "3"]
[White "Akesson,R"]
[Black "Ivanov,Se1"]
[Result "1-0"]
[WhiteElo "2431"]
[BlackElo "2556"]
[EventDate "2003.12.27"]

1. c4 Nf6 2. Nc3 e5 3. Nf3 Nc6 4. g3 Bb4 5. Bg2 O-O 6. O-O e4 7. Ne1 Re8 8.
Nc2 Bxc3 9. dxc3 h6 10. Ne3 d6 11. Nd5 Bf5 12. Be3 Ne5 13. b3 Nfg4 14. f3
exf3 15. exf3 Nxe3 16. Nxe3 Bd3 17. Rf2 Bg6 18. Rd2 a5 19. f4 Nd7 20. Re2
Nc5 21. f5 Bh7 22. Qd4 Re5 23. b4 axb4 24. cxb4 Nd7 25. c5 dxc5 26. bxc5
Qe7 27. c6 bxc6 28. Bxc6 Ra3 29. Qxd7 Qxd7 30. Bxd7 Raxe3 31. Rxe3 Rxe3 32.
a4 Kf8 33. a5 Ke7 34. Bc8 Kd8 35. Bb7 Bxf5 36. a6 1-0

[Event "33rd Rilton Cup"]
[Site "Stockholm SWE"]
[Date "2003.12.29"]
[Round "3"]
[White "Moen,A"]
[Black "Acs,P"]
[Result "1-0"]
[WhiteElo "2239"]
[BlackElo "2593"]
[EventDate "2003.12.27"]

1. d4 Nf6 2. c4 e6 3. Nc3 Bb4 4. Qc2 O-O 5. e4 d5 6. e5 Ne4 7. Bd3 c5 8. a3
Ba5 9. Bxe4 dxe4 10. dxc5 Nc6 11. Bf4 f5 12. exf6 Qxf6 13. Nge2 e5 14. Be3
Nd4 15. Qa4 Nxe2 16. Qxa5 Nd4 17. Nd5 Qh4 18. Qc3 Qg4 19. Bxd4 exd4 20.
Qxd4 Qxg2 21. O-O-O Qg5+ 22. Kb1 Kh8 23. Rhg1 Qh6 24. Rg3 Bf5 25. Ne7 Be6
26. Ka1 Qf6 27. Nd5 Qxd4 28. Rxd4 Bg8 29. Rxe4 Rxf2 30. Re7 Rf7 31. Rge3
Rc8 32. Rxf7 Bxf7 33. Re7 Kg8 34. Rxb7 Bxd5 35. cxd5 Rxc5 36. d6 Rd5 37. d7
Kf8 38. Rxa7 h5 39. Ra8+ Ke7 40. d8=Q+ Rxd8 41. Rxd8 Kxd8 42. Kb1 1-0

[Event "33rd Rilton Cup"]
[Site "Stockholm SWE"]
[Date "2003.12.29"]
[Round "3"]
[White "Martinsen,S"]
[Black "Lindberg,Bo"]
[Result "0-1"]
[WhiteElo "2136"]
[BlackElo "2294"]
[EventDate "2003.12.27"]

1. f4 d5 2. d3 Nc6 3. Nf3 Bg4 4. Nbd2 Qd6 5. g3 e5 6. fxe5 Nxe5 7. Bg2
O-O-O 8. Nxe5 Qxe5 9. Nf3 Bxf3 10. Bxf3 h5 11. c3 h4 12. Bf4 Qe6 13. Qa4
Bc5 14. d4 Bd6 15. Bxd6 Rxd6 16. Qxa7 hxg3 17. Qa8+ Kd7 18. Qf8 Qg6 19.
hxg3 Rxh1+ 20. Bxh1 Qxg3+ 21. Kd2 Qg5+ 22. Kc2 Qg6+ 23. Kd2 Nf6 24. Rf1 Re6
25. Qc5 Qg5+ 26. Kd1 Re7 27. Bf3 Qf5 28. Kc1 g5 29. Bg2 Qe6 30. Qb5+ Kc8
31. Kd1 Ng4 32. Rf3 c6 0-1

[Event "33rd Rilton Cup"]
[Site "Stockholm SWE"]
[Date "2003.12.29"]
[Round "3"]
[White "Nyback,T"]
[Black "Lehikoinen,P"]
[Result "0-1"]
[WhiteElo "2497"]
[BlackElo "2235"]
[EventDate "2003.12.27"]

1. Nf3 c5 2. c4 Nc6 3. d4 cxd4 4. Nxd4 e6 5. Nb5 Nf6 6. N1c3 d5 7. cxd5
Nxd5 8. Nxd5 exd5 9. Qxd5 Bb4+ 10. Bd2 O-O 11. Qxd8 Rxd8 12. O-O-O Be6 13.
a3 Bb3 14. axb4 Nxb4 15. Nc3 Rac8 16. Re1 Nc2 17. Rd1 Nb4 18. Re1 Rc5 0-1

[Event "33rd Rilton Cup"]
[Site "Stockholm SWE"]
[Date "2003.12.29"]
[Round "3"]
[White "Fries Nielsen,JO"]
[Black "Kosmo,S"]
[Result "1-0"]
[WhiteElo "2436"]
[BlackElo "2218"]
[EventDate "2003.12.27"]

1. Nf3 Nf6 2. d4 c5 3. e3 cxd4 4. exd4 d5 5. Bd3 Nc6 6. c3 Qc7 7. Nbd2 Bg4
8. Qa4 Nd7 9. Qc2 O-O-O 10. O-O f6 11. b4 e5 12. b5 Ne7 13. dxe5 fxe5 14.
Be2 Kb8 15. Nb3 h6 16. a4 g5 17. a5 Qd6 18. a6 b6 19. c4 Bg7 20. Ba3 Qe6
21. cxd5 Nxd5 22. Nxg5 hxg5 23. Bxg4 Qh6 24. h3 e4 25. Qxe4 N7f6 26. Qe5+
Ka8 27. Bf3 Rhe8 28. Qc7 1-0

[Event "33rd Rilton Cup"]
[Site "Stockholm SWE"]
[Date "2003.12.29"]
[Round "3"]
[White "Hjelm,N"]
[Black "Leino,J"]
[Result "1/2-1/2"]
[WhiteElo "2350"]
[BlackElo "2204"]
[EventDate "2003.12.27"]

1. d4 Nf6 2. c4 e6 3. Nf3 d5 4. Nc3 Nbd7 5. Bf4 Bb4 6. cxd5 exd5 7. Qb3 c5
8. a3 Bxc3+ 9. bxc3 b6 10. e3 O-O 11. Be2 Bb7 12. O-O Ne4 13. h3 Qe7 14. c4
cxd4 15. exd4 Qf6 16. Be3 dxc4 17. Bxc4 Qd6 18. Rfd1 Ndf6 19. Ne5 Nd5 20.
Rac1 Rad8 21. Qd3 Nxe3 22. Qxe3 Nf6 23. Ba2 Bd5 24. Bxd5 Nxd5 25. Qf3 Qe6
26. Nc6 Rd7 27. Ne5 Rdd8 28. Nc6 Rd7 29. Ne5 Rdd8 30. Nc6 Rd7 31. Ne5 Rdd8
1/2-1/2

[Event "33rd Rilton Cup"]
[Site "Stockholm SWE"]
[Date "2003.12.29"]
[Round "3"]
[White "Ernst,T"]
[Black "Carlsson,N"]
[Result "1-0"]
[WhiteElo "2447"]
[BlackElo "2233"]
[EventDate "2003.12.27"]

1. e4 e5 2. Nf3 Nc6 3. Bb5 Nf6 4. Nc3 d6 5. d4 Bd7 6. O-O Be7 7. Re1 exd4
8. Nxd4 O-O 9. Nxc6 Bxc6 10. Bc4 Re8 11. Bf4 a6 12. a4 Qd7 13. Qf3 Qg4 14.
Qxg4 Nxg4 15. Nd5 Bd8 16. f3 Nf6 17. Bb3 Nxd5 18. Bxd5 Bxd5 19. exd5 Bf6
20. c3 Kf8 21. Kf2 Rxe1 22. Rxe1 Re8 23. Re4 Rxe4 24. fxe4 Ke8 25. Ke3 Kd7
26. Kd3 Ke7 27. b3 h5 28. c4 Kd7 29. Ke3 Ke7 30. Kf3 Kd7 31. g4 hxg4+ 32.
Kxg4 Bd4 33. h4 Ke7 34. Bg5+ Bf6 35. Be3 Bc3 36. Bg5+ Ke8 37. Kf5 Kd7 38.
h5 b6 39. h6 gxh6 40. Bxh6 Ke7 41. Bg5+ f6 42. Bh4 Kf7 43. a5 bxa5 44. Bf2
Ke7 45. Kg6 a4 46. bxa4 Kd7 47. Kf7 c6 48. Bh4 cxd5 49. cxd5 Bd4 50. Bxf6
Bb6 51. Bc3 Bd8 52. Bd4 Ba5 53. Kg6 Bd8 54. Kf5 Bc7 55. Kf4 Ba5 56. Ke3 Bc7
57. Kd3 Kc8 58. Kc4 Bd8 59. e5 dxe5 60. Bxe5 Kb7 61. Kc5 Bb6+ 62. Kd6 Bc7+
63. Ke6 Ba5 64. d6 Bb4 65. d7 Ba5 66. Ke7 Kc6 67. Bc3 Bb6 68. Ke8 Kd5 69.
a5 Bc7 70. d8=Q Bxd8 71. Kxd8 Kc6 72. Kc8 1-0

[Event "33rd Rilton Cup"]
[Site "Stockholm SWE"]
[Date "2003.12.29"]
[Round "3"]
[White "Berg,E"]
[Black "Gullaksen,E"]
[Result "1-0"]
[WhiteElo "2489"]
[BlackElo "2370"]
[EventDate "2003.12.27"]

1. e4 c5 2. Nf3 Nc6 3. d4 cxd4 4. Nxd4 Nf6 5. Nc3 e5 6. Ndb5 d6 7. Bg5 a6
8. Na3 b5 9. Bxf6 gxf6 10. Nd5 Bg7 11. c3 f5 12. exf5 Bxf5 13. Nc2 O-O 14.
Nce3 Bg6 15. h4 Be4 16. Bd3 Bxd5 17. Nxd5 f5 18. Qh5 e4 19. Bc2 b4 20. O-O
bxc3 21. bxc3 Ne5 22. Rab1 Ra7 23. f3 exf3 24. Bxf5 Bf6 25. gxf3 Bxh4 26.
Kh1 Kh8 27. Rb4 Qg5 28. Qxg5 Bxg5 29. Be4 Raf7 30. Rb6 Nc4 31. Rxa6 Ne3 32.
Rg1 Nxd5 33. Bxd5 Rf5 34. Be4 Re5 35. Rxd6 Bf4 36. Rd5 Re6 37. Rh5 h6 38.
Rb5 Rd6 39. Rb7 Bg5 40. c4 Rf4 41. Rgb1 Rh4+ 42. Kg2 Rd2+ 43. Kg3 h5 44.
Rh7+ Kg8 45. Rb8+ Rd8 46. Rxd8+ Bxd8 47. Rd7 Bf6 48. Rd1 Bg5 49. c5 Rf4 50.
Rd5 h4+ 51. Kh3 Be7 52. c6 Rf8 53. c7 1-0

[Event "33rd Rilton Cup"]
[Site "Stockholm SWE"]
[Date "2003.12.29"]
[Round "3"]
[White "Larsson,V"]
[Black "Kiik,K"]
[Result "0-1"]
[WhiteElo "2117"]
[BlackElo "2433"]
[EventDate "2003.12.27"]

1. e4 d5 2. exd5 Qxd5 3. Nc3 Qa5 4. Bc4 Nf6 5. d3 Bg4 6. f3 Bh5 7. Bd2 c6
8. Nge2 Nbd7 9. Nf4 Qe5+ 10. Qe2 Bg6 11. O-O-O Qxe2 12. Ncxe2 e5 13. Nxg6
hxg6 14. f4 Bd6 15. Rde1 Kf8 16. fxe5 Nxe5 17. Bb3 Re8 18. Nc3 Ned7 19. h3
Nc5 20. Bc4 b5 21. Bxb5 cxb5 22. Nxb5 Rxe1+ 23. Rxe1 Bg3 24. Re2 a6 25. Bb4
Rh5 26. d4 axb5 27. Bxc5+ Kg8 28. a4 bxa4 29. c4 Nd7 30. Bb4 Nb6 31. Rc2
Rf5 32. Kb1 Rf2 33. Rc3 Rxg2 34. Ba5 Nc8 35. Ra3 Bf2 36. Rd3 Rg3 37. Kc2
Nd6 38. c5 Nc4 39. c6 Rxd3 40. Kxd3 Nd6 41. Bc7 Nb5 42. Be5 Kf8 43. Kc4 Na7
44. d5 f6 45. Bb8 Ke7 46. Kb4 Nc8 47. Kb5 Bd4 48. Ka6 Be5 49. Kb7 Kd8 0-1

[Event "33rd Rilton Cup"]
[Site "Stockholm SWE"]
[Date "2003.12.29"]
[Round "3"]
[White "Bezold,M"]
[Black "Marttala,T"]
[Result "1-0"]
[WhiteElo "2456"]
[BlackElo "2227"]
[EventDate "2003.12.27"]

1. g3 g6 2. Bg2 Bg7 3. c4 c5 4. Nc3 Nc6 5. d3 b6 6. e3 Bb7 7. Nge2 Na5 8.
e4 e6 9. a3 Nc6 10. Rb1 d6 11. O-O Nge7 12. b4 Qd7 13. f4 f5 14. Be3 Nd4
15. Rf2 O-O 16. bxc5 dxc5 17. e5 Bxg2 18. Kxg2 Rfd8 19. Bxd4 cxd4 20. Na2
Bf8 21. Nec1 Rac8 22. h4 Kg7 23. Qf3 Ng8 24. Nb4 Nh6 25. Ra2 Ng4 26. Nc2
Bc5 27. a4 Ne3+ 28. Nxe3 dxe3 29. a5 Rc7 30. Kf1 h5 31. Rb3 Qc8 32. Ke2
Rcd7 33. axb6 Bxb6 34. Rc2 Rc7 35. Na2 Qa6 36. Qh1 Qa4 37. Nc1 Kg8 38. Rbb2
Qd7 39. Rb3 Qa4 40. Rbc3 Bc5 41. Ra2 Qd7 42. Rb3 Bb6 43. Rc2 Qa4 44. Rcb2
Qd7 45. Na2 Qc8 46. Rc2 Qa6 47. Nb4 Qa4 48. Qb1 Kh8 49. Ra2 Qd7 50. Na6
Rcc8 51. Qh1 Qd4 52. Nb4 Qd7 53. Na6 Qd4 54. Rc2 Ba5 55. c5 Qa4 56. Qb7 Bb6
57. Rbc3 Ba5 58. Rc4 Qa1 59. Nb4 1-0

[Event "33rd Rilton Cup"]
[Site "Stockholm SWE"]
[Date "2003.12.29"]
[Round "3"]
[White "Aagaard,J"]
[Black "Hillarp Persson,T"]
[Result "1/2-1/2"]
[WhiteElo "2373"]
[BlackElo "2512"]
[EventDate "2003.12.27"]

1. e4 c5 2. Nf3 d6 3. d4 cxd4 4. Nxd4 Nf6 5. Nc3 a6 6. h3 e6 7. g4 b5 8.
Bg2 Bb7 9. Qe2 b4 10. Nb1 d5 11. e5 Nfd7 12. O-O Qb6 13. c3 Nc6 14. Nf3 a5
15. Be3 Qa6 16. Qxa6 Bxa6 17. Re1 Rc8 18. a3 b3 19. Nbd2 a4 20. Bd4 Nxd4
21. cxd4 Nb6 22. Rac1 Rxc1 23. Rxc1 Kd7 24. Bf1 Bxf1 25. Kxf1 Be7 26. Ke2
h6 27. h4 Rf8 28. Kd3 f5 29. exf6 gxf6 30. g5 Bd6 31. g6 h5 32. Rg1 Ke7 33.
Ke3 Rg8 34. Ne1 Kf8 35. Nd3 Kg7 36. Nc5 Re8 37. f4 Bxc5 38. dxc5 Nd7 39. c6
Nb8 40. Rc1 Rc8 41. c7 Na6 42. Rc6 Nxc7 43. Nf3 Kxg6 44. Nd4 Kf7 45. f5
exf5 46. Kd3 f4 47. Nf5 Ke8 48. Rxf6 Ra8 49. Rc6 Kd7 50. Rd6+ Kc8 51. Rh6
Kb7 52. Nd6+ Ka7 53. Rf6 Rd8 54. Nf7 Rf8 55. Rxf4 Kb6 56. Rf6+ Ka5 57. Rf5
Nb5 58. Nd6 Rxf5 59. Nxf5 Kb6 60. Ng7 Nd6 61. Nxh5 Nc4 62. Nf4 Nxb2+ 63.
Kd4 Nd1 64. Nxd5+ Kc6 65. Nc3 Nxc3 66. Kxc3 Kd5 67. h5 Ke5 68. h6 Kf6 69.
h7 Kg7 70. h8=B+ Kxh8 71. Kb2 1/2-1/2

[Event "33rd Rilton Cup"]
[Site "Stockholm SWE"]
[Date "2003.12.30"]
[Round "4"]
[White "Kulaots,K"]
[Black "Akesson,R"]
[Result "1/2-1/2"]
[WhiteElo "2530"]
[BlackElo "2431"]
[EventDate "2003.12.27"]

1. e4 c6 2. d4 d5 3. Nd2 dxe4 4. Nxe4 Nd7 5. Ng5 Ngf6 6. Bd3 e6 7. N1f3 Bd6
8. Qe2 h6 9. Ne4 Nxe4 10. Qxe4 Nf6 11. Qe2 b6 12. Bd2 Bb7 13. O-O-O Qc7 14.
Kb1 O-O-O 15. c4 c5 16. Bc3 Kb8 17. Ne5 cxd4 18. Bxd4 Bc5 19. Bxc5 bxc5 20.
f4 Rd4 21. Rhf1 Rhd8 1/2-1/2

[Event "33rd Rilton Cup"]
[Site "Stockholm SWE"]
[Date "2003.12.30"]
[Round "4"]
[White "Cramling,P"]
[Black "Schlosser,P"]
[Result "1/2-1/2"]
[WhiteElo "2470"]
[BlackElo "2560"]
[EventDate "2003.12.27"]

1. d4 Nf6 2. Nf3 e6 3. c4 b6 4. g3 Bb4+ 5. Bd2 a5 6. Bg2 O-O 7. O-O Ba6 8.
Qc2 d5 9. Bxb4 axb4 10. Nbd2 Nbd7 11. Rfc1 c5 1/2-1/2

[Event "33rd Rilton Cup"]
[Site "Stockholm SWE"]
[Date "2003.12.30"]
[Round "4"]
[White "Braun,A"]
[Black "Livner,A"]
[Result "1-0"]
[WhiteElo "2440"]
[BlackElo "2242"]
[EventDate "2003.12.27"]

1. d4 d5 2. c4 dxc4 3. Nf3 Nf6 4. e3 e6 5. Bxc4 c5 6. O-O a6 7. Qe2 b5 8.
Bd3 cxd4 9. exd4 Be7 10. a4 b4 11. Bg5 Bb7 12. Nbd2 O-O 13. Nb3 a5 14. Rac1
Bd5 15. Nc5 Ra7 16. Ne5 Nfd7 17. Bf4 Nxe5 18. dxe5 Nc6 19. Rfd1 Qb6 20. Be3
Qb8 21. f4 Qa8 22. Bc4 Bxc4 23. Qxc4 Rc7 24. Ne4 Bd8 25. Qd3 Ne7 26. Bc5
Rc6 27. Kh1 h6 28. h3 Qc8 29. Nd6 Qb8 30. Nb5 Re8 31. Qd7 1-0

[Event "33rd Rilton Cup"]
[Site "Stockholm SWE"]
[Date "2003.12.30"]
[Round "4"]
[White "Lindberg,Bo"]
[Black "Bezold,M"]
[Result "0-1"]
[WhiteElo "2294"]
[BlackElo "2456"]
[EventDate "2003.12.27"]

1. d4 d6 2. Nf3 g6 3. c4 Bg7 4. Nc3 c5 5. e4 cxd4 6. Nxd4 Nf6 7. Be2 Nc6 8.
Be3 O-O 9. O-O Bd7 10. Qd2 Nxd4 11. Bxd4 Bc6 12. f3 a5 13. Rab1 Nd7 14. Be3
Qc7 15. Nd5 Bxd5 16. exd5 a4 17. f4 Rfc8 18. Rfe1 Nf6 19. Kh1 a3 20. Bd4
axb2 21. Qxb2 Qd8 22. Bf1 Nh5 23. Re3 Bxd4 24. Qxd4 Rxa2 25. Reb3 Rc7 26.
Rxb7 Rxb7 27. Rxb7 Nf6 28. Qe3 Kf8 29. h3 Ra1 30. Kg1 Ng8 31. c5 dxc5 32.
Qxc5 Nf6 33. Qd4 Rc1 34. Qe5 Qd6 35. Rb5 Qxe5 36. fxe5 Ne4 37. Rb2 Rd1 38.
Re2 Ng3 39. Rf2 Ke8 40. Rf3 Nxf1 41. Rxf1 Rxd5 42. Re1 Kd7 43. e6+ fxe6 44.
Kf2 Rf5+ 45. Kg3 e5 46. Re4 Ke6 47. Ra4 Rf4 48. Ra6+ Kf5 49. Ra7 Kf6 50.
Rb7 g5 51. Rb6+ e6 52. Rb8 e4 53. Rb3 h5 54. Ra3 h4+ 55. Kh2 Rf1 56. Ra8
Rd1 57. Ra4 Kf5 58. Ra3 Kf4 59. Rb3 e3 60. Rb4+ Ke5 61. Rb5+ Ke4 62. Rb2
Rc1 63. Rb4+ Kd3 64. Rb3+ Kd2 65. Rb6 e2 66. Rd6+ Kc2 67. Rc6+ Kb2 0-1

[Event "33rd Rilton Cup"]
[Site "Stockholm SWE"]
[Date "2003.12.30"]
[Round "4"]
[White "Soderberg,P"]
[Black "Ernst,T"]
[Result "0-1"]
[WhiteElo "2254"]
[BlackElo "2447"]
[EventDate "2003.12.27"]

1. e4 c5 2. Nf3 d6 3. c3 Nf6 4. h3 Nc6 5. d4 cxd4 6. cxd4 Nxe4 7. d5 Qa5+
8. Nc3 Nxc3 9. bxc3 Ne5 10. Qb3 Nxf3+ 11. gxf3 Qc7 12. Rb1 b6 13. Bd2 g6
14. h4 h5 15. Qa4+ Bd7 16. Qd4 Rg8 17. Rb4 Bg7 18. Qe3 Qc5 19. Re4 Qxe3+
20. fxe3 Rc8 21. Rc4 Rxc4 22. Bxc4 f5 23. Ke2 Kf7 24. Ba6 Bc8 25. Bb5 Bf6
26. Kd3 Rd8 27. Be1 Bd7 28. a4 Bxb5+ 29. axb5 a6 30. bxa6 Ra8 31. Rh2 Rxa6
32. Rb2 Ra1 33. Bf2 Rd1+ 34. Rd2 Rh1 35. e4 Rh3 36. exf5 Rxf3+ 37. Ke2 Rxf5
38. Bxb6 Bxc3 39. Rd3 Bf6 40. Bf2 Rf4 41. Rf3 Rb4 42. Rh3 Rb2+ 43. Ke1 Rb5
44. Rd3 Rb4 45. Rf3 Ke8 46. Rh3 Bd4 0-1

[Event "33rd Rilton Cup"]
[Site "Stockholm SWE"]
[Date "2003.12.30"]
[Round "4"]
[White "Lobron,E"]
[Black "Aagaard,J"]
[Result "0-1"]
[WhiteElo "2497"]
[BlackElo "2373"]
[EventDate "2003.12.27"]

1. d4 d5 2. c4 e6 3. Nf3 Nf6 4. Bg5 dxc4 5. Qa4+ Nbd7 6. Nc3 Be7 7. e4 O-O
8. Bxc4 c5 9. dxc5 Qc7 10. Qc2 Bxc5 11. O-O b6 12. Bxf6 gxf6 13. Rad1 Rd8
14. Nb5 Qf4 15. Qd2 Qxe4 16. Bd3 Qg4 17. h3 Qg7 18. Be4 Ba6 19. Bxa8 Bxb5
20. Bb7 Rb8 21. Ba6 Ne5 22. Nxe5 Bxf1 23. Kxf1 fxe5 24. Qd7 Qf6 25. Rd2 Rf8
26. Qd3 Qf4 27. Qg3+ Qxg3 28. fxg3 Bd4 29. Rc2 Rd8 30. b3 Rd7 31. Ke2 Kg7
32. g4 h6 33. Bb5 Rd8 34. Rc7 a6 35. Bc4 Kf6 36. a4 a5 37. Bb5 Bc5 38. Rd7
Rg8 39. Kf3 h5 40. gxh5 e4+ 41. Kxe4 Rxg2 42. Rb7 Rg5 43. Be2 Re5+ 44. Kd3
Re3+ 45. Kd2 Rxh3 46. Kc2 Rh2 47. Kd3 Rf2 48. Rb8 Kf5 49. Rg8 e5 50. Rg7
e4+ 51. Kd2 Kf6 52. Rg4 Ke5 53. Rh4 Be7 54. Rh3 Rf6 55. Bc4 Bf8 56. Ke2 Bh6
57. Rg3 Rf5 58. Rg8 f6 59. Re8+ Kf4 60. Re6 Bg5 61. Rxb6 Kg3 62. b4 Rf2+
63. Kd1 Rd2+ 64. Ke1 Rd4 65. Be6 Kf3 66. Bb3 e3 67. Re6 Kg2 68. h6 Bh4+ 69.
Ke2 Bf2 70. Rxe3 Bxe3 71. h7 Rh4 72. Kxe3 Rxh7 73. Bd5+ Kg3 74. b5 Rh4 75.
Be4 f5 76. Bxf5 Rxa4 77. Kd2 Rb4 78. Bd3 Kf4 79. Kc3 Ke5 80. Bc4 Kd6 81.
Kd4 a4 82. Kc3 Kc5 83. Bf7 a3 84. Bb3 Rxb5 85. Kc2 Kd4 0-1

[Event "33rd Rilton Cup"]
[Site "Stockholm SWE"]
[Date "2003.12.30"]
[Round "4"]
[White "Andersson,Bj2"]
[Black "Berkes,F"]
[Result "0-1"]
[WhiteElo "2212"]
[BlackElo "2616"]
[EventDate "2003.12.27"]

1. e4 e6 2. d4 d5 3. e5 c5 4. c3 Bd7 5. Nf3 Qb6 6. Be2 Bb5 7. c4 Bxc4 8.
Bxc4 dxc4 9. d5 exd5 10. Qxd5 Ne7 11. Qxc4 Qb4+ 12. Nbd2 Qxc4 13. Nxc4 Nf5
14. Bf4 Nc6 15. O-O-O Rd8 16. Rxd8+ Nxd8 17. g4 Nd4 18. Nxd4 cxd4 19. Bg3
h5 20. gxh5 Rxh5 21. Rd1 Ne6 22. Na5 f5 23. f4 g5 24. fxg5 Rxg5 25. Bf2 f4
26. Bxd4 Nxd4 27. Rxd4 f3 28. Nc4 f2 29. Ne3 Bc5 0-1